| 000 | 00567nam a2200193Ia 4500 | ||
|---|---|---|---|
| 005 | 20250508164835.0 | ||
| 008 | 008 250505s9999 xx 000 0 eng d | ||
| 037 | _aDissertations | ||
| 040 |
_aFEDL _beng _cFEDL |
||
| 041 |
_aeng _2eng |
||
| 084 |
_a371.2, BHA/DI _qFEDL |
||
| 100 |
_aBhardwaj Mansi _9779267 |
||
| 245 | 0 | _aRevisiting common school system in the current education scenario | |
| 260 | _c2009 | ||
| 300 | _a90p. | ||
| 546 | _aM.Phil Dissertation, (Delhi University) | ||
| 942 |
_cDIS _h371.2, BHA/DI |
||
| 999 |
_c1391514 _d1391514 |
||